| 000 | 00683nam a22002057a 4500 | ||
|---|---|---|---|
| 003 | BD-DhUL | ||
| 005 | 20240417104743.0 | ||
| 008 | 240417s2024 bg a|||| |||| 00| 0 ben | ||
| 020 | _a9789849857907 (hbk) | ||
| 040 |
_aBD-DhUL _cBD-DhUL |
||
| 082 |
_a891.443 _bOSJ |
||
| 100 | 1 | 0 | _aওসমান, শওকত |
| 245 |
_aজয় বাংলার জয় / _cশওকত ওসমান । |
||
| 260 |
_aঢাকা : _bশব্দশৈলী, _c২০২৪ । |
||
| 300 |
_a৮৮ পৃ. : _bচিত্র ; _c২২ সেমি |
||
| 365 |
_aBDT _b300 |
||
| 650 | 4 | _aবাংলা উপন্যাস | |
| 650 | 4 | _aBengali fiction. | |
| 942 |
_2ddc _cBK |
||
| 999 |
_c259238 _d259238 |
||